000 01207nmm a2200409 a 4500
003 AR-BaBNM
005 20251128204658.0
008 296019s1987 ||||||||||||||000 | spa||
020 _a84-7232-412-5
040 _cAR-BaBNM
100 1 _aFernández-Shaw, Carlos M.
245 1 0 _aPresencia española en los Estados Unidos
250 _a2ª ed. aum. y corr.
260 _aMadrid
_bInstituto de Cooperación Iberoamericana
_bEdiciones Cultura Hispánica
_c1987
300 0 _a922 p.
500 0 _aContiene referencias bibliográficas en p. 813-829
500 0 _aIndice onomástico en p. 833-859
500 0 _aIndice geográfico en p. 861-898
650 4 _aGUERRAS DE LA INDEPENDENCIA
650 4 _aCOLONIZACION
650 4 _aCOLONIAS
650 4 _aINMIGRACION
650 4 _aHISTORIA NORTEAMERICANA
650 4 _aHISTORIA ECONOMICA
650 4 _aHISTORIA CULTURAL
650 4 _aHISTORIA POLITICA
650 4 _aGEOGRAFIA HUMANA
650 4 _aINFLUENCIA SOCIAL
650 4 _aINFLUENCIA CULTURAL
650 4 _aESPANOL
651 4 _aEstados Unidos
651 4 _aEspaña
653 0 _aDESCUBRIMIENTO DE AMERICA
653 0 _aHISTORIA COLONIAL
942 _cBK
998 _cMARTIN
999 _c8377
_d8377